Reglamento de evaluación: material de apoyo para la elaboración del reglamento interno de evaluación de la escuela

Gorde:
Xehetasun bibliografikoak
Formatua: Liburua
Hizkuntza:gaztelania
Argitaratua: Santiago Ministerio de Educación 1998
Gaiak:
Etiketak: Etiketa erantsi
Etiketarik gabe, Izan zaitez lehena erregistro honi etiketa jartzen!

MARC

LEADER 00000nam a2200000 a 4500
001 UCQ1715
003 CL-VaPUC
008 980721e19980000CL |||||||||||||||||spa|d
082 0 4 |a 371.26  |b MIN  |2 21 
245 1 0 |a Reglamento de evaluación: material de apoyo para la elaboración del reglamento interno de evaluación de la escuela 
300 |a 39 p 
942 |c BK 
945 |d 19980721 00:00:00  |a mvenant 
260 |a Santiago  |b Ministerio de Educación  |c 1998 
650 0 |a Evaluación de la educación   |9 237505 
650 7 |a REGLAMENTOS  |2 CL-VaPUC  |9 259254 
650 0 |a Educación básica   |9 224933 
650 7 |a PROMOCION ESCOLAR  |2 CL-VaPUC  |9 415452 
651 7 |a CHILE  |2 CL-VaPUC  |9 415453 
583 |a last modification  |c 19980721 00:00:00  |k Rodrigo Vera 
999 |c 272559  |d 272557 
952 |0 0  |1 0  |4 0  |6 371_260000000000000_MIN_1998  |7 0  |8 P  |9 307661  |a BIBEDU  |b BIBEDU  |c BIBEDU_PB  |d 2019-11-20  |i 3508757  |o 371.26 MIN 1998  |p 3508757  |r 2024-01-25  |w 2019-11-20  |y BK  |k BME